000 01096nam a2200301 i 4500
001 000006714
003 DO-SdBNP
005 20250621074005.0
007 ta
008 090902s1985 dr ac 000 0 spa d
040 _aDO-SdBNP
_bspa
_cBNPHU
_erda
082 4 _a327.7293
_bV422c
_222
100 1 _aVega Imbert, José A.,
_918685
_eautor
245 1 0 _aCrisis mundial y política exterior /
_cJosé A. Vega Imbert.
264 _aSanto Domingo :
_bONAP,
_c1985.
300 _a316 páginas :
_bilustraciones, retratos ;
_c21 cm.
336 _2rdacontent
_atexto
_btxt
337 _2rdamedia
_asin mediación
_bn
338 _2rdacarrier
_avolumen
_bnc
490 1 _aEstudios políticos ;
_v3
590 _aInventariado, 2018/BT
651 0 _aRepública Dominicana
_xPolítica y gobierno
_945
651 4 _aRepública Dominicana
_xRelaciones exteriores
_92258
651 4 _aRepública Dominicana
_xRelaciones económicas exteriores
_98292
710 1 _aRepública Dominicana.
_bOficina Nacional de Administración y Personal
_926398
910 _aValidado. Control de calidad. MFF
942 _2ddc
_cLBS1
999 _c6503
_d6503